German History Revision - 9 - Statistics

General Stats
  • This quiz has been taken 20 times
  • The average score is 4 of 35
Answer Stats
Question Answer % Correct
Who was the party leader of the SED from 1946-1971, and ruled as dictator of the GDR in this time? Walter Ulbricht
50%
How much did industrial production increase by from 1950 to 1955 as a result of the First Five Year Plan? 100%
25%
When did the June uprising begin? 16 June 1953
25%
In what year was rationing reintroduced? 1961
25%
By 1961, what was the percentage of female students in East German universities? Consider that in 1953 it was 20.4%. 25.4%
25%
Of this, how much was solely with the USSR? 40%
25%
What percentage of families owned televisions in 1966? Consider that in 1955 it was 1%, only 9% of families owned a car, and 31% of families owned a fridge. 54%
25%
How much did the GDR spend on education as a percentage of its GNP? Considering that the FRG spent 5%. 7%
25%
By 1962, what percentage of farmed area was collectivised? Consider that in 1958 it was 37% and it was 14% in 1954. 85%
25%
In 1951 only 16% of pupils attended school for more than eight years. By 1970, what was the new percentage for this statistic? 85%
25%
What organisation did the GDR join in September 1950 which helped to co-ordinate the economic policy of Soviet states in the Eastern bloc? Comecon
25%
What was introduced in 1963 to enable more devolution in the management of the economy and give greater freedoms to VEBs? New Economic System
25%
What was the term given to the highest executive body of a Communist party? Politbureau
25%
What was phased out of existence as a result of the success of the Second Five Year Plan? Rationing
25%
How many new houses were built in this period per year? 100,000
0%
When was the Berlin Wall 'built'? Consider that this is talking about the date where barbed wire and barricades were first layed down, before the construction of a physical wall in the following months. 13 August 1961
0%
How many people had fled from the GDR to the FRG in 1952? Considering that it was 75,000 in 1949. 171,000
0%
How many people were estimated to have been removed from the SED in the months after the uprising? 20,000
0%
How many people are estimated to have been prosecuted in the GDR for political reasons? 200,000
0%
How many people fled from East Germany to West Germany in 1961? Consider that it was 143,900 in 1959 but 331,300 in 1953. 207,000
0%
By 1950, what was the size of the membership of this organisation? 3 million
0%
How many GDR citizens died in 1962 trying to escape across the divide? 42
0%
By 1954, how much of the GDR's trade was conducted with the socialist bloc countries? 75%
0%
By 1950, how much of the GDR's industrial production was under the control of the VEBs and SAGs? (Volkeigener Betrieb and Sowjetische Aktiengesellschaft) 76%
0%
By 1955, the Statsi had 13,000 members. How many did it have by 1989? 91,000
0%
What was the term given to the system where there was a formal head of the state, and a prime minister, but that main source of power came from the general secretary of the governing party? Democratic Centralism
0%
Who was the minister of the Statsi from 1957 to 1989? Erich Mielke
0%
What was the name given to the collective of trade unions that were run by the SED, was the largest mass organisation of the SED and looked out for workers when it came to matters like poor working conditions, health and safery, or bad management? FDGB (Free German Unions' Association)
0%
What was the youth organisation (formed in 1946) that consisted of boys and girls from ages 14-25? FDJ (Free German Youth)
0%
When was the Statsi founded? February 1950
0%
What was the name of the pledge that every fourteen year-old had to take to be inducted into adulthood? Jugendweihe
0%
What was the name for the aggricultural production co-opeartives? LPGs (Landwirtschaftliche Produktionsgenossenschaft)
0%
What was the law put in place in 1946 which expanded pre-school education, abolished private and religious schools and introduced a centralised curriculum? The Law for the Democratisation of German Schools
0%
What were the two parties that were allowed to form in 1948 and acted as instruments of the SED into rural and conservative areas, and to feign pluralism? Name one. The NDPD (National Democratic Party of Germany) and the DBD (Democratic Farmers' Party of Germany)
0%
What was the name for the Soviet military administration that was responsible for putting down the June uprising and the creation of the Berlin Wall? The Soviet High Commission
0%
No matching quizzes found
Score Distribution
Percent of People with Each Score
Percentile by Number Answered
Your Score History
You have not taken this quiz